Tyrannosaurus was a beast / (Record no. 1667)

MARC details
000 -LEADER
fixed length control field 01033pam a2200325 a 4500
005 - DATE AND TIME OF LATEST TRANSACTION
control field 20231122151955.0
020 ## - INTERNATIONAL STANDARD BOOK NUMBER
International Standard Book Number 9780688115692
040 ## - CATALOGING SOURCE
Original cataloging agency DLC
Transcribing agency DLC
Modifying agency DLC
Language of cataloging eng
050 00 - LIBRARY OF CONGRESS CALL NUMBER
Classification number PS3566.R36
Item number T97 1988
082 00 - DEWEY DECIMAL CLASSIFICATION NUMBER
Classification number 811.54
Edition number 19
100 1# - MAIN ENTRY--PERSONAL NAME
Personal name Prelutsky, Jack
245 10 - TITLE STATEMENT
Title Tyrannosaurus was a beast /
Statement of responsibility, etc. dinosaur poems by Jack Prelutsky ; illustrated by Arnold Lobel.
250 ## - EDITION STATEMENT
Edition statement First Mulberry Edition, 1992
260 ## - PUBLICATION, DISTRIBUTION, ETC.
Place of publication, distribution, etc. New York :
Name of publisher, distributor, etc. Greenwillow Books
Date of publication, distribution, etc. 1988
300 ## - PHYSICAL DESCRIPTION
Extent 31 pages :
Other physical details color illustrations ;
Dimensions 21 cm
490 ## - SERIES STATEMENT
Series statement Mulberry books
500 ## - GENERAL NOTE
General note Ill. on lining papers.
505 ## - FORMATTED CONTENTS NOTE
Formatted contents note K <br/>
520 ## - SUMMARY, ETC.
Summary, etc. A collection of humorous poems about dinosaurs.
521 ## - TARGET AUDIENCE NOTE
Target audience note 510 <br/>
Source Lexile <br/>
521 ## - TARGET AUDIENCE NOTE
Target audience note K <br/>
Source Raz-Plus <br/>
650 #0 - SUBJECT ADDED ENTRY--TOPICAL TERM
Topical term or geographic name entry element Dinosaurs
General subdivision Juvenile poetry.
650 #0 - SUBJECT ADDED ENTRY--TOPICAL TERM
Topical term or geographic name entry element Children's poetry, American.
650 #1 - SUBJECT ADDED ENTRY--TOPICAL TERM
Topical term or geographic name entry element Dinosaurs
General subdivision Poetry.
650 #1 - SUBJECT ADDED ENTRY--TOPICAL TERM
Topical term or geographic name entry element American poetry.
700 1# - ADDED ENTRY--PERSONAL NAME
Personal name Lobel, Arnold
Relator term illustrator
906 ## - LOCAL DATA ELEMENT F, LDF (RLIN)
a 7
b cbc
c orignew
d 1
e ocip
f 19
g y-gencatlg
942 ## - ADDED ENTRY ELEMENTS (KOHA)
Source of classification or shelving scheme Dewey Decimal Classification
Koha item type Books
Suppress in OPAC No
999 ## -
-- 1667
-- 1667
Holdings
Withdrawn status Lost status Source of classification or shelving scheme Damaged status Not for loan Collection Home library Current library Shelving location Date acquired Total Checkouts Full call number Barcode Date last seen Copy number Price effective from Koha item type Date last checked out
    Dewey Decimal Classification     Juvenile Fiction Footprints International School Library Network Toul Kork Campus Footprints International School Library Network Toul Kork Campus   09/14/2023   PRE 811.54 PS3566.R36 FIS03032 09/14/2023 1 09/14/2023 Books  
    Dewey Decimal Classification     Juvenile Fiction Footprints International School Library Network Toul Kork Campus Footprints International School Library Network Toul Kork Campus   09/14/2023 1 PRE 811.54 PS3566.R36 FISTK01494 04/10/2025 2 09/14/2023 Books 08/21/2024